| 000 | 00674nam a2200217 a 4500 | ||
|---|---|---|---|
| 001 | 000006741 | ||
| 005 | 20240516194749.0 | ||
| 008 | 090902s2006 dr a r 000 0 spa d | ||
| 040 |
_aDO-SdBNP _bspa _cBNPHU |
||
| 082 |
_a641.5 _bH557co, 2006 |
||
| 100 | 1 |
_aHernández, Xilia _918761 |
|
| 245 | 1 | 0 |
_aCocinarte 2 / _cXilia Hernádez. |
| 250 | _a2a. ed. | ||
| 260 |
_aSanto Domingo : _bCentenario, _c2006. |
||
| 300 |
_a393 p. : _bil. ; _c23 cm. |
||
| 590 | _aLa biblioteca 3 ejemplares autografiados por la autora. | ||
| 590 | _aInventariado, 2018/BT | ||
| 650 | 0 |
_aCocina _9360 |
|
| 650 | 4 |
_aPreparación de alimentos _9193 |
|
| 910 | _aValidado. Control de calidad. MMOLINA | ||
| 999 |
_c6530 _d6530 |
||